The noble scholar, jurist, historian


 His Excellency Dr. Abdul Wahhab bin Ibrahim Abu Sulaiman, may Allah have mercy on him.


 He was born in Umm Al-Qura in the year 1356 AH.

آفاق تنمية الصناعات التقليدية في الدول الإسلامية 1991، الرباط / (Record no. 3381)

MARC details
000 -LEADER
fixed length control field 01245cam a2200265 i 4500
003 - CONTROL NUMBER IDENTIFIER
control field SA-RiAUC
005 - DATE AND TIME OF LATEST TRANSACTION
control field 20241212065404.0
008 - FIXED-LENGTH DATA ELEMENTS--GENERAL INFORMATION
fixed length control field 241211s1993 tu g f10000 ara c
040 ## - CATALOGING SOURCE
Original cataloging agency JO-MaAABU
Language of cataloging ara
Transcribing agency SA-RiAUC
Description conventions rda
050 #0 - LIBRARY OF CONGRESS CALL NUMBER
Item number . N22 1991
082 04 - DEWEY DECIMAL CLASSIFICATION NUMBER
Classification number 745.5
090 ## - LOCALLY ASSIGNED LC-TYPE CALL NUMBER (OCLC); LOCAL CALL NUMBER (RLIN)
Classification number (OCLC) (R) ; Classification number, CALL (RLIN) (NR) 745.5
Local cutter number (OCLC) ; Book number/undivided call number, CALL (RLIN) ن د و
111 2# - MAIN ENTRY--MEETING NAME
Meeting name or jurisdiction name as entry element الندوة الدولية لآفاق تنمية الصناعات التقليدية في الدول الإسلامية
Date of meeting or treaty signing ( 1991 :
Location of meeting الرباط)
245 10 - TITLE STATEMENT
Title آفاق تنمية الصناعات التقليدية في الدول الإسلامية 1991، الرباط /
Statement of responsibility, etc. إعداد نزيه معروف، صالح سعداوي.
264 #1 - PRODUCTION, PUBLICATION, DISTRIBUTION, MANUFACTURE, AND COPYRIGHT NOTICE
Place of production, publication, distribution, manufacture إسطنبول، تركيا :
Name of producer, publisher, distributor, manufacturer مركز الأبحاث للتاريخ والفنون والثقافة الإسلامية،
Date of production, publication, distribution, manufacture, or copyright notice 1993
300 ## - PHYSICAL DESCRIPTION
Extent 225 صفحة
336 ## - CONTENT TYPE
Content type term نص
Content type code txt
Source rdacontent
Materials specified كتاب
337 ## - MEDIA TYPE
Media type term بدون وسيط
Media type code n
Source rdamedia
338 ## - CARRIER TYPE
Carrier type term مجلد
Carrier type code nc
Source rdacarrier
650 #7 - SUBJECT ADDED ENTRY--TOPICAL TERM
Topical term or geographic name entry element الحرف اليدوية
Geographic subdivision البلاد الإسلامية
Form subdivision مؤتمرات
Source of heading or term aucsh
700 1# - ADDED ENTRY--PERSONAL NAME
Personal name معروف، نزيه طالب
Relator term معد.
700 1# - ADDED ENTRY--PERSONAL NAME
Personal name سعداوي، صالح،
Dates associated with a name 1947-
Relator term معد.
942 ## - ADDED ENTRY ELEMENTS (KOHA)
Source of classification or shelving scheme Dewey Decimal Classification
Koha item type Books
Suppress in OPAC No
949 ## - LOCAL PROCESSING INFORMATION (OCLC)
a SA-JeALM
d 241211
u mohamedma123
n 1
Holdings
Withdrawn status Lost status Source of classification or shelving scheme Damaged status Not for loan Home library Current library Date acquired Total checkouts Full call number Barcode Date last seen Price effective from Koha item type
    Dewey Decimal Classification     DR AbdElwahab Library DR AbdElwahab Library 12/12/2024   745.5 ن د و 000005321 12/12/2024 12/12/2024 Books
    Dewey Decimal Classification     DR AbdElwahab Library DR AbdElwahab Library 11/12/2025   745.5 ن د و 000021088 11/12/2025 11/12/2025 Books